000 00764nam a2200205 i 4500
001 189589
003 ES-MaACL
005 20230906223517.0
007 t|
008 190624s1953 sp r ||||1| spa d
100 1 _aVicioso, Carlos (
_d1886-1968)
_9114383
245 1 3 _aGenisteas españolas.
_nI,
_pgenista-genistella /
_cpor Carlos Vicioso.
260 _aMadrid :
_bInstituto Forestal de Investigaciones y Experiencias,
_c1953.
300 _a153 p. :
_bil. ;
_c24 cm.
490 1 _aInstituto Forestal de Investigaciones y Experiencias ;
_vAño XXIV nº 67
650 4 _aGenisteas-
_zEspaña.
_9167395
830 0 _aInstituto Forestal de Investigaciones y Experiencias ;
_vAño XXIV nº 67
_9181435
852 _aES-MaACL
_jP-569-Bis-54
999 _c189589
_d189589